000 00655nam a22002057a 4500
005 20171013141733.0
010 _aENG-120219
020 _a9788189430450
_c150.00
035 _aEN-103751
037 _bDBAD/PUB
082 _a230.35
100 _aParamhansa Yogananda
245 _aHow to have courage, calmness, and confidence /
_cby Paramhansa Yogananda
260 _aGurgaon
_bAnanda Sangha Publications
_c2011
270 _aB-10/8 DLF City Phase I
_bGurgaon (Haryana)
_e122002
300 _a163p. :
_c18cm.(pbk)
_bill.
490 _aThe Wisdom of Yognanda Volume-5
500 _aIncludes index
942 _2ddc
_cEN
_h230.35
_mPAR
999 _c144024
_d144024